000 002810000a22000970004500
100 1 _aJezequel, Roberta
245 1 0 _aWhen bad things happen to good missionaries
300 _aVol. 77, Num 3 (Julio-Septiembre, 1997), Páginas 9-11
773 0 _tLatin America Evangelist
942 _cANA
999 _c55088
_d55088